Dimensionamiento de una Planta de Tratamiento de Aguas Residuales ubicada en una urbanización y formulación del Manual de Operación y Mantenimiento
Gespeichert in:
| 1. Verfasser: | |
|---|---|
| Format: | Buch |
| Veröffentlicht: |
[San José, Costa Rica]
2007
|
| Schlagworte: | |
| Tags: |
Tag hinzufügen
Keine Tags, Fügen Sie den ersten Tag hinzu!
|
MARC
| LEADER | 00000nam a2200000Ia 4500 | ||
|---|---|---|---|
| 003 | 010311 | ||
| 005 | 20221231144103.0 | ||
| 008 | 140114s2007 cr a 000 ||s d | ||
| 040 | |c cru CEDI | ||
| 090 | |a TFG 5573 | ||
| 100 | |a Martín Morales, María Elena |9 4537 | ||
| 245 | |a Dimensionamiento de una Planta de Tratamiento de Aguas Residuales ubicada en una urbanización y formulación del Manual de Operación y Mantenimiento | ||
| 260 | |c 2007 |b [San José, Costa Rica] | ||
| 300 | |a ix, 188 hojas (algunas plegables); ilustraciones | ||
| 500 | |a Proyecto de graduación (licenciatura en ingeniería química)--Universidad de Costa Rica. Facultad de Ingeniería. Escuela de Ingeniería Química | ||
| 650 | |x AGUAS RESIDUALES |x ASPECTOS AMBIENTALES |x CALIDAD DEL AGUA |x MANUALES |x PURIFICACION DE AGUAS RESIDUALES |9 4538 | ||
| 942 | |c TFG | ||
| 999 | |c 16688 |d 16688 | ||
